[Event "AUT-ch U10"]
[Site "Vienna"]
[Date "2005.05.29"]
[Round "7.5"]
[White "Pilsan, Aaron"]
[Black "Koenig, Christoph"]
[Result "1-0"]
[WhiteElo "1496"]
[BlackElo "1200"]
[PlyCount "77"]
[EventDate "2005.05.27"]
[EventType "swiss"]
[EventRounds "7"]
[EventCountry "AUT"]
[SourceTitle "EXT 2024"]
[Source "ChessBase"]
[SourceDate "2023.10.10"]
[SourceVersion "1"]
[SourceVersionDate "2023.10.10"]
[SourceQuality "1"]

1. e4 e5 2. Nf3 Nc6 3. Bc4 h6 4. d4 d6 5. dxe5 dxe5 6. Qxd8+ Nxd8 7. Nxe5 Nf6 8. Nc3 Bb4 9. 0-0 Bxc3 10. bxc3 Nxe4 11. Re1 Bf5 12. f3 0-0 13. fxe4 Be6 14. Bxe6 Nxe6 15. Bb2 Rad8 16. Rad1 Rxd1 17. Rxd1 c5 18. Rd7 Nd8 19. Rc7 f6 20. Ng6 Re8 21. Re7 Rxe7 22. Nxe7+ Kf7 23. Nd5 b5 24. Kf2 g5 25. Kf3 h5 26. h3 Kg6 27. Ne7+ Kf7 28. Nf5 Kg6 29. c4 bxc4 30. Nd6 Ne6 31. Nxc4 f5 32. exf5+ Kxf5 33. Ne3+ Kg6 34. Be5 Nd4+ 35. Bxd4 cxd4 36. Nd5 Kf5 37. Ne7+ Ke6 38. Nc6 Kf5 39. Nxd4+ 1-0

[Event "AUT-ch U10"]
[Site "Vienna"]
[Date "2005.05.28"]
[Round "5.6"]
[White "Koenig, Christoph"]
[Black "Tarmastin, Luca"]
[Result "1-0"]
[WhiteElo "1200"]
[BlackElo "1200"]
[PlyCount "43"]
[EventDate "2005.05.27"]
[EventType "swiss"]
[EventRounds "7"]
[EventCountry "AUT"]
[SourceTitle "EXT 2024"]
[Source "ChessBase"]
[SourceDate "2023.10.10"]
[SourceVersion "1"]
[SourceVersionDate "2023.10.10"]
[SourceQuality "1"]

1. e4 e5 2. Nf3 Nc6 3. Bb5 d6 4. Bxc6+ bxc6 5. 0-0 Nf6 6. Nc3 Be7 7. h3 Be6 8. d4 exd4 9. Nxd4 d5 10. Nxc6 Qd7 11. Nxe7 Qxe7 12. exd5 Bxd5 13. Nxd5 Nxd5 14. Qxd5 0-0 15. Bg5 Qe8 16. Rfe1 Qc8 17. Be7 Re8 18. Bc5 Rxe1+ 19. Rxe1 c6 20. Qc4 Qc7 21. Re7 Qxe7 22. Bxe7 1-0